Омайко и Умейко в чудни премеждия и патила на 11 планети и на още някои места (Запис номер 169946)
[ съкратено ]
| 000 -Лидер | |
|---|---|
| Контролно поле с фиксирана дължина | 01240nam a2200301 c 4500 |
| 003 - Код на организацията, давaща контролен номер | |
| Контролно поле | BLK |
| 005 - Дата и час на последна редакция | |
| Контролно поле | 20230724111548.0 |
| 008 - Елементи от данни с фиксирана дължина | |
| fixed length control field | 180411b bul|||||r ||||||| ||bul|| |
| 010 ## - Наследен системен номер | |
| LC control number | KNG00178012000 |
| 040 ## - Източник на каталожния запис | |
| Идентификатор на билиотеката - собственик на записа | BLK |
| 041 ## - Код за език | |
| Код за езика на текст/звукозапис или на отделно заглавие | Български |
| Код за езика КДБФ | Български |
| 080 ## - УДК | |
| Текстов определител УДК | Българска литература |
| УДК код - определител по УДК | 821.163.2 |
| УДК определител | -93-31 |
| УДК - код + определител | 821.163.2-93-31 |
| 100 1# - Редна дума - Автор | |
| Автор | Лижев, Тошо Димитров |
| Авторска отговорност | първи автор |
| R(LIN) | 88744 |
| 139 ## - Редно поле | |
| Редна дума | Лижев, Тошо Димитров |
| Авторски знак | Лид - Л 55 |
| 245 10 - Сведения за заглавието | |
| Заглавие | Омайко и Умейко в чудни премеждия и патила на 11 планети и на още някои места |
| Подзаглавни данни | Роман-приказка за малки и големи |
| Редно поле (дума) | Тошо Димитров Лижев; худож. Иван Едуард Газдов. |
| 257 ## - Страна на издаване | |
| Страна на създаване/издаване | България |
| 260 ## - Област на издателските данни | |
| -- | София |
| Име на издателя, разпространителя и проч. | Отечество |
| Година на издаване | 1980 |
| 300 ## - Физическа характеристика | |
| Страници | 296 с. |
| Илюстрации и др. | с ил. |
| Размери/Мащаб | 17 см |
| 380 ## - Жанр | |
| Жанр | Детска худож. лит. |
| 490 1# - СЕРИИ (Колекции) | |
| Име на серия | Фантастика |
| 700 1# - Други автори (авторска отговорност) | |
| Лично име | Газдов, Иван Едуард |
| 9 (RLIN) | 50588 |
| 852 ## - Местоположение | |
| Форматна сигнатура | Цб І 17912 |
| 856 4# - Електронен адрес и достъп | |
| Електронен формат | pdf - файл |
| Път до файла /url/ | |
| 856 4# - Електронен адрес и достъп | |
| Електронен формат | pdf - файл |
| Път до файла /url/ | |
| 942 ## - АРТИКУЛИ | |
| Вид на библиотечния материал | Книги |
| Скрит в OPAC | Не |
| 944 ## - СЪЗДАВАНЕ И РЕДАКЦИЯ на ЗАПИСА | |
| Създаване/Редакция | Създаване |
| Дата на регистрацията/редакция | 09.07.2015 |
| Служител, извършил регистрацията/редакцията | 30560 |
| Статус, дата на статуса | Геновева Генчева |
| 944 ## - СЪЗДАВАНЕ И РЕДАКЦИЯ на ЗАПИСА | |
| Създаване/Редакция | Редакция |
| Дата на регистрацията/редакция | 09.07.2015 |
| Служител, извършил регистрацията/редакцията | Теодора_Стоянова |
| 999 ## - СИСТЕМНИ КОНТРОЛНИ НОМЕРА | |
| Koha biblionumber | 169946 |
| Koha biblioitemnumber | 169946 |
| Код за отписване | Код за изгубен артикул | Източник на класификационната схема | Код за повреда | Коз за рестрикции | Код за отдаване | Артикулен № | Име на библиотеката - собственик | Име на библиотеката, в която се намира в момента | Статус (Текущо местоположение) | Дата на вписване в системата | Местоположение - отдел | Цена в лева | Инвентарен номер | Систематично азбучна сигнатура | Баркод | Номер на екземпляра | Цена в евро | Служебна бележка | Служебен тип на артикула |
|---|---|---|---|---|---|---|---|---|---|---|---|---|---|---|---|---|---|---|---|
| Не е изгубен | Universal Decimal Classification | Не е повреден | само за читалня | ползва се в читалня | 287449 | Регионална библиотека "Любен Каравелов" Русе | Регионална библиотека "Любен Каравелов" Русе | Хранилище | 1980-01-01 | Хранилище | 0.67 | 299770 | Цб І 17912 | 120000299770 | 1 | 0.34 | Дост: Dp Вид: Сф Дата: 01.01.1980 | Книги | |
| Изтеглен | Не е изгубен | Universal Decimal Classification | Не е повреден | без рестрикции | заемане за дома | 287450 | Регионална библиотека "Любен Каравелов" Русе | Регионална библиотека "Любен Каравелов" Русе | Заемна - подръчен фонд | 1980-01-01 | Заемна - подръчен фонд | 0.67 | 300171 | П 886.7-31/Л 55 | 300171 | 2 | 0.34 | Дост: Pk Вид: Сф Дата: 01.01.1980 | Книги |
| Изтеглен | Не е изгубен | Universal Decimal Classification | Не е повреден | без рестрикции | заемане за дома | 287451 | Регионална библиотека "Любен Каравелов" Русе | Регионална библиотека "Любен Каравелов" Русе | Заемна - подръчен фонд | 1980-01-01 | Заемна - подръчен фонд | 0.67 | 300170 | П 886.7-31/Л 55 | 300170 | 3 | 0.34 | Дост: Pk Вид: Сф Дата: 01.01.1980 | Книги |
| Изтеглен | Не е изгубен | Universal Decimal Classification | Не е повреден | без рестрикции | заемане за дома | 287452 | Регионална библиотека "Любен Каравелов" Русе | Регионална библиотека "Любен Каравелов" Русе | Детски отдел | 1980-01-01 | Детски отдел | 0.67 | 300038 | ДХ 886.7/Л 55 | 300038 | 4 | 0.34 | Дост: Pk Вид: Сф Дата: 01.01.1980 Дата инв: 04.09.2015 Бележки инв: Д2015 | Книги |